Meditaciones

Guardat en:
Dades bibliogràfiques
Autor principal: Marco Aurelio (autor)
Altres autors: García Gual, Carlos (introducción), Bach Pellicer, Ramón (traducción y notas)
Format: Llibre
Idioma:espanyol
Publicat: Madrid, España: Gredos, 2019.
Edició:Primera edición en este formato;
Col·lecció:Biblioteca clásica Gredos
Matèries:
Etiquetes: Afegir etiqueta
Sense etiquetes, Sigues el primer a etiquetar aquest registre!

MARC

LEADER 00000nam a2200000 a 4500
001 UCV8362
003 CL-VaPUC
005 20240725130230.0
008 910425t20190000SP |||||||||||||||||spa|d
999 |c 444182  |d 444180 
020 |a 978-84-249-3896-3 
040 |c Pontificia Universidad Católica de Valparaíso 
082 7 |2 22  |a 188 MAR 2019 
100 |a Marco Aurelio  |e autor  |9 862375 
245 1 0 |a Meditaciones 
250 |a Primera edición en este formato;  |b Undécima reimpresión 
260 |a Madrid, España:  |b Gredos,  |c 2019. 
300 |a 227 páginas 
490 0 |a Biblioteca clásica Gredos  |n  5 
500 |a c.1 Compra Prof. Cesar Lambert, docente del Instituto de Filosofía. Memorandum Biblioteca Mayor de Filosofía y Educación. 08/07/2024 
583 |a last modification  |c 19910425 00:00:00  |k Angela Raggi 
600 0 |9 869646  |a Marco Aurelio  |c Emperador de Roma  |d 121-180 
650 0 |a Estoicismo  |2 CL-VaPUC  |9 302428  |x Aspectos morales 
650 0 |a Etica personal  |9 883445 
700 |9 890106  |a García Gual, Carlos  |e introducción 
700 |9 890107  |a Bach Pellicer, Ramón  |e traducción y notas 
942 |c BK  |2 ddc 
945 |d 19910425 00:00:00 
952 |0 0  |1 0  |2 ddc  |4 0  |6 188_000000000000000_MAR_2019  |7 0  |8 A  |9 595559  |a BIBEDU  |b BIBEDU  |c GEN  |d 2024-07-11  |i 5662201  |o 188 MAR 2019  |p 5662201  |r 2024-07-11  |t 1  |w 2024-07-11  |y BK  |k FIL